Score 0/24 Timer 03:00
0 Plays Today
TV Show Missing Word % Correct
The Dick Van _____ ShowDyke
97.4%
_____ '70s ShowThat
96.9%
The Oprah _____ ShowWinfrey
95%
The _____ Stooges Show Three
94.6%
The Mary _____ Moore ShowTyler
92.1%
The _____ Carey ShowDrew
91.1%
The Ellen _____ ShowDeGeneres
91.1%
The Andy _____ ShowGriffith
88.3%
The _____ Newhart ShowBob
87.9%
The _____ Sullivan ShowEd
86.5%
The Rosie _____ Show O'Donnell
83.1%
The _____ and Costello ShowAbbott
82.4%
TV Show Missing Word % Correct
The Carol _____ ShowBurnett
77.5%
The _____ Harvey ShowSteve
75.6%
The _____ Welk ShowLawrence
72.7%
The Tracey _____ ShowUllman
68.3%
The Patty _____ ShowDuke
66.7%
The _____ Hill Show Benny
64.5%
The Dana _____ ShowCarvey
63.2%
The _____ Maddow ShowRachel
62.1%
The Dr. _____ ShowOz
60.7%
The _____ Sanders ShowLarry
59.9%
The Wendy _____ ShowWilliams
58.4%
The _____ Norton ShowGraham
39.2%

Today's Daily Dose

Remove Ads.
Support Sporcle.
Get the best of Sporcle when you Go Orange. This ad-free experience offers more features, more stats, and more fun while also helping to support Sporcle. Thank you for becoming a member.

You're not logged in!

Compare scores with friends on all Sporcle quizzes.
OR
Log In

Show Comments

Extras

Top Quizzes Today


Score Distribution

Your Account Isn't Verified!

In order to create a playlist on Sporcle, you need to verify the email address you used during registration. Go to your Sporcle Settings to finish the process.

Report this User

Report this user for behavior that violates our Community Guidelines.

Details: